Top Traumberufe der Kindheit - Statistiken

Allgemein
  • Dieses Quiz wurde 684 mal gespielt
  • Das Durchschnittsergebnis liegt bei 11 aus 20
Antwortstatistiken
Jungen Beruf % Korrekt
19% Polizist
86%
6% Polizistin
86%
6% Feuerwehrmann
84%
3% Arzt
82%
8% Ärztin
82%
2% Lehrer
66%
9% Lehrerin
66%
6% Fußballprofi
58%
2% Tierarzt
55%
22% Tierärztin
55%
10% Pilot
54%
4% Astronaut
49%
2% Astronautin
49%
3% Sängerin
44%
3% Schauspielerin
41%
4% Prinzessin
35%
2% Krankenpflegerin
33%
2% Koch
29%
3% Erzieherin
23%
2% Lokführer
20%
Keine übereinstimmenden Quizze gefunden
Verteilung der Resultate
Anzahl Personen mit jedem Resultat
Perzentil nach korrekt beantworteten Fragen
Ihre Resultats-Entwicklung
Sie haben dieses Quiz noch nicht gespielt